000 00379nam a2200157Ia 4500
008 230524s9999 xx 000 0 und d
082 _a612
_bJAI
100 _aA.K.Jain
_923875
245 0 _aTextbook of Physiology Vol-II
250 _a3RD
260 _aNEW DELHI
_bAvichal
_c2006
300 _aIX;1120
500 _aQuantity Number: 1
650 _aBiomedical
942 _cBK
999 _c35341
_d35341